El Estrechamiento y viraje de la democracia costarricense /

সংরক্ষণ করুন:
গ্রন্থ-পঞ্জীর বিবরন
প্রধান লেখক: Morales, Abelardo
বিন্যাস: পাঠ‍্য
ট্যাগগুলো: ট্যাগ যুক্ত করুন
কোনো ট্যাগ নেই, প্রথমজন হিসাবে ট্যাগ করুন!

MARC

LEADER 00000 a a2200000 04500
001 1751
003
040
100 |a Morales, Abelardo  
245 |a El Estrechamiento y viraje de la democracia costarricense /  |c Abelardo Morales 
773 |g volumen 5, número 26 -27; páginas 23-25  
999 |c 39653  |d 39653